000
00261nam a22001097a 4500
008
170117b xxu||||| |||| 00| 0 eng d
020
_a
9780323019200
041
_a
eng
080
_2
4TH
_a
618.2
245
_a
LONG-TERM CARE ASSISTANTS
_c
KELLY ,R.T
942
_2
udc
_c
BK
999
_c
2985
_d
2985